000
00315nam a2200133Ia 4500
008
170203s9999 xx 000 0 und d
020
_a
0-307128539
050
_a
Fic
050
_b
.In53
100
_a
Ingoglia, Gina
245
_a
Gemstones /
260
_a
U.S.A :
260
_b
Western Publishing Company, Inc.,
999
_c
306093
_d
306093